LEADER 01142nam a2200313 i 4500 001 991001298509707536 008 051107s2005 riua b 001 0 eng d 020 $a0821838318 035 $ab13351230-39ule_inst 040 $aDip.to Matematica$beng 082 0 $a512.2$222 084 $aAMS 20F65 084 $aAMS 37B10 084 $aLC QA183.N45 100 1 $aNekrashevych, Volodymyr$0498983 245 10$aSelf-similar groups /$cVolodymyr Nekrashevych 260 $aProvidence, R. I. :$bAmerican Mathematical Society,$cc2005 300 $axi, 231 p. :$bill. ;$c27 cm 440 0$aMathematical surveys and monographs,$x0076-5376 ;$v117 504 $aIncludes bibliographical references (p. 223-228) and index 650 0$aGeometric group theory 650 0$aSymbolic dynamics 650 0$aSelf-similar processes 907 $a.b13351230$b21-09-06$c07-11-05 912 $a991001298509707536 945 $aLE013 20F NEK11 (2005)$g1$i2013000201061$lle013$op$pE50.78$q-$rl$s- $t0$u0$v0$w0$x0$y.i14191702$z09-02-06 996 $aSelf-similar groups$9738686 997 $aUNISALENTO 998 $ale013$b07-11-05$cm$da $e-$feng$griu$h0$i0 LEADER 01699oas 22006493a 450 001 9910145829403321 005 20251106213014.0 011 $a1947-6833 035 $a(OCoLC)317055751 035 $a(CONSER) 2009200970 035 $a(CKB)991042754132366 035 $a(EXLCZ)99991042754132366 100 $a20090325a19999999 uy a 101 0 $aeng 135 $aur||||||||||| 181 $ctxt$2rdacontent 182 $cc$2rdamedia 183 $acr$2rdacarrier 200 00$aOrthopedic coding alert 210 $aNaples, FL $cCoding Institute 215 $a1 online resource 300 $aTitle from caption 311 08$a1524-5756 606 $aOrthopedics$vPeriodicals 606 $aNosology$vPeriodicals 606 $aDiagnosis related groups$vPeriodicals 606 $aDiagnosis-Related Groups 606 $aOrthopedics$2fast$3(OCoLC)fst01048565 606 $aNosology$2fast$3(OCoLC)fst01039530 606 $aDiagnosis related groups$2fast$3(OCoLC)fst00892299 608 $aPeriodicals.$2fast 615 0$aOrthopedics 615 0$aNosology 615 0$aDiagnosis related groups 615 2$aDiagnosis-Related Groups. 615 7$aOrthopedics. 615 7$aNosology. 615 7$aDiagnosis related groups. 676 $a616 712 02$aCoding Institute, 801 0$bNSD 801 1$bNSD 801 2$bNSD 801 2$bOCLCQ 801 2$bVT2 801 2$bOCLCF 801 2$bCUS 801 2$bOCL 801 2$bOCLCO 801 2$bOCLCA 801 2$bOCLCQ 801 2$bOCLCL 801 2$bOCLCQ 906 $aJOURNAL 912 $a9910145829403321 996 $aOrthopedic coding alert$92564472 997 $aUNINA